000 00804cam a22002533a 4500
001 15683
003 PGUSA
005 20140828083333.0
008 050422s2005||||xxu|||||s|||||000 | eng d
040 _aPGUSA
_beng
042 _adc
050 4 _aLB
100 1 _aOBrien, Francis Paul,
_d1885-
245 1 4 _aThe High School Failures :
_bA Study of the School Records of Pupils Failing in Academic or Commercial High School Subjects
_h[electronic resource] /
_cFrancis Paul OBrien
260 _bProject Gutenberg,
_c2005
506 _aPublic domain in the USA.
516 _aElectronic text
653 _aHigh school dropouts
653 _aAcademic achievement
653 _aUnderachievers
830 0 _aProject Gutenberg
_v15683
856 4 0 _uhttp://www.gutenberg.org/ebooks/15683
942 _cEB
999 _c244938
_d244938